000 00704nam a2200205 i 4500
001 44133
003 ES-MaACL
005 20230906160950.0
007 t|
008 030320s1980 sp ||||1| spa d
100 1 _aCirujano Bracamonte, Santos.
_938908
245 1 4 _aLas lagunas salobres toledanas /
_cSantos Cirujano Bracamonte.
260 _aToledo :
_bInstituto Provincial de Investigaciones y Estudios Toledanos,
_c1980.
300 _a48 p. :
_bil. ;
_c21 cm.
490 1 _aTemas Toledanos ;
_v5
710 2 _aInstituto Provincial de Investigaciones y Estudios Toledanos.
_95217
830 0 _aTemas Toledanos ;
_v5
_9181269
852 _aES-MaACL
_j2134-F-8
_bR.106672
999 _c44133
_d44133